| 000 | 005480000a22001690004500 | ||
|---|---|---|---|
| 003 | MACL | ||
| 005 | 20160206150743.0 | ||
| 008 | 160206b xxu||||| |||| 00| 0 eng d | ||
| 040 |
_aMACL _cMACL |
||
| 041 | _aHindi | ||
| 082 | _a200 | ||
| 100 |
_aगांधी महात्मा _937030 |
||
| 245 |
_aप्रार्थना प्रवचन _bदेसरा खंड |
||
| 260 |
_bसस्ता साहित्य मंडल _c1954 _aइलाहाबाद |
||
| 650 |
_aReligion _937126 |
||
| 942 |
_cHIN _k200 _2ddc |
||
| 999 |
_c23093 _d23093 |
||